Top 10 Warmest Countries - Statistics

General Stats
  • This quiz has been taken 13 times
  • The average score is 5 of 10
Answer Stats
°C Country % Correct
30.4 Burkina Faso
78%
28.0 Niger
78%
28.9 Senegal
67%
29.2 Mali
56%
28.2 United Arab Emirates
56%
28.1 Maldives
44%
28.9 Mauritania
44%
28.5 Djibouti
33%
28.4 Gambia
33%
28.6 Tuvalu
0%
No matching quizzes found
Score Distribution
Percent of People with Each Score
Percentile by Number Answered
Your Score History
You have not taken this quiz